000
00214nam a2200085Ia 4500
008
120527s9999 xx 000 0 und d
100
_a
Gelfand, et al
245
_a
Understanding child behaviour disorders
942
_c
BK
999
_c
27409
_d
27409